Clasificación Decimal Universal. 3. Ciencias Sociales : instrumento para trabajos intelectuales y documentación bajo todas sus formas... instrumento para trabajos intelectuales y documentación bajo todas sus formas...
Publicado:
Madrid :
Instituto Nacional de Racionalización del Trabajo, Consejo Superior de Investigaciones Científicas, Patronato Juan de la Cierva de Investigación Técnica ,
1959
Descripción Física:
2 v. ; 30 cm
Materias:
Classificació decimal universal
MARC
| LEADER | 00000nam a2200000Ia 4500 | ||
|---|---|---|---|
| 001 | 12912, 12913 | ||
| 003 | BGR | ||
| 005 | 20260324175705.0 | ||
| 008 | 160829s1959 - 1963 xx 000 0 cat d | ||
| 080 | |a A-1-318, A-1-319 | ||
| 245 | |a Clasificación Decimal Universal. 3. Ciencias Sociales : |b instrumento para trabajos intelectuales y documentación bajo todas sus formas... | ||
| 250 | |a Ed. en castellano | ||
| 260 | |a Madrid : |b Instituto Nacional de Racionalización del Trabajo, Consejo Superior de Investigaciones Científicas, Patronato Juan de la Cierva de Investigación Técnica, |c 1959 - 1963 | ||
| 300 | |a 2 v. ; |c 30 cm | ||
| 590 | |a Conté: v. 1 Tablas completas (1959) ; v. 2 (1963) | ||
| 650 | |a Classificació decimal universal |9 37421 | ||
| 710 | 2 | |a Instituto Nacional de Racionalización del Trabajo (Espanya) |9 71068 | |
| 901 | |a Arxiu | ||
| 942 | |n 1 |2 udc |c MON | ||
| 952 | |0 0 |1 0 |4 0 |6 A1318_A1319 |7 1 |9 48173 |a Arxiu |b Arxiu |d 2016-12-01 |l 0 |o A-1-318, A-1-319 |p 12912, 12913 |r 2016-12-01 00:00:00 |w 2016-12-01 |y ARXIU | ||
| 999 | |c 51976 |d 51976 | ||